Flags - Sudden Death - Statistics

General Stats
  • This quiz has been taken 363 times
  • The average score is 12 of 15
Answers on the Grid
Answers color-coded by a green-red scale on the quiz's grid according to % correct below.
 
Answer Stats
Answer % Correct
87%
84%
81%
81%
80%
80%
79%
79%
79%
78%
78%
76%
75%
75%
73%
No matching quizzes found
Score Distribution
Percent of People with Each Score
Percentile by Number Answered
Your Score History
You have not taken this quiz